[Event "Saratov Spring Cup"]
[Site "Saratov"]
[Date "2013.03.16"]
[Round "5"]
[White "Sayapin, Dmitry"]
[Black "Sudnik, Pavel"]
[Result "0-1"]
[WhiteElo "1689"]
[BlackElo "2056"]
[PlyCount "82"]
[EventDate "2013.03.12"]
[EventType "swiss"]
[EventRounds "9"]
[EventCountry "RUS"]
[SourceTitle "CBM 153 Extra"]
[Source "ChessBase"]
[SourceDate "2013.04.22"]
[SourceVersion "1"]
[SourceVersionDate "2013.04.22"]
[SourceQuality "1"]

1. e4 c5 2. Nf3 Nc6 3. d4 cxd4 4. Nxd4 e5 5. Nb5 a6 6. Nd6+ Bxd6 7. Qxd6 Qe7 8. Qd3 Nf6 9. a3 d5 10. Bg5 dxe4 11. Bxf6 exd3 12. Bxe7 dxc2 13. Bg5 cxb1Q+ 14. Rxb1 Bf5 15. Rd1 Nd4 16. Bd3 Bg4 17. Rc1 0-0 18. f3 Bxf3 19. Kf2 Bc6 20. Rhe1 f6 21. Be3 Rfd8 22. Bxd4 Rxd4 23. Bc4+ Kf8 24. g3 Rd2+ 25. Re2 Rxe2+ 26. Kxe2 Ke8 27. Rd1 Rd8 28. Rxd8+ Kxd8 29. Ke3 Ke7 30. Bg8 h6 31. Bh7 Kf7 32. Bd3 g6 33. Bc4+ Ke7 34. Bd3 f5 35. Bc2 Kf6 36. Bb3 g5 37. Bc2 f4+ 38. gxf4 gxf4+ 39. Kf2 e4 40. h3 Ke5 41. Ke2 Kd4 0-1

[Event "Saratov Spring Cup"]
[Site "Saratov"]
[Date "2013.03.14"]
[Round "3"]
[White "Sayapin, Dmitry"]
[Black "Dmitriev, Igor"]
[Result "0-1"]
[WhiteElo "1689"]
[BlackElo "2297"]
[PlyCount "52"]
[EventDate "2013.03.12"]
[EventType "swiss"]
[EventRounds "9"]
[EventCountry "RUS"]
[SourceTitle "CBM 153 Extra"]
[Source "ChessBase"]
[SourceDate "2013.04.22"]
[SourceVersion "1"]
[SourceVersionDate "2013.04.22"]
[SourceQuality "1"]

1. e4 c6 2. d4 d5 3. e5 f6 4. Bd3 g6 5. Nf3 Bg4 6. h3 Bxf3 7. Qxf3 fxe5 8. dxe5 Nd7 9. Bf4 e6 10. Qg4 Qe7 11. Bg5 Qf7 12. f4 Nh6 13. Qg3 Nf5 14. Bxf5 Qxf5 15. Qd3 Qxd3 16. cxd3 h6 17. Bh4 g5 18. Bg3 Bc5 19. Nc3 Rg8 20. Kf1 0-0-0 21. Ne2 Be3 22. fxg5 Rxg5 23. Bh4 Rf8+ 24. Ke1 Rxg2 25. Rf1 Rxf1+ 26. Kxf1 Rh2 0-1

[Event "Saratov Winter Cup"]
[Site "Saratov"]
[Date "2013.01.14"]
[Round "3"]
[White "Sayapin, Dmitry"]
[Black "Vdovin, Sergey Anatolievich"]
[Result "0-1"]
[WhiteElo "1675"]
[BlackElo "2116"]
[PlyCount "60"]
[EventDate "2013.01.12"]
[EventType "swiss"]
[EventRounds "9"]
[EventCountry "RUS"]
[SourceTitle "CBM 152 Extra"]
[Source "ChessBase"]
[SourceDate "2013.02.25"]
[SourceVersion "1"]
[SourceVersionDate "2013.02.25"]
[SourceQuality "1"]

1. e4 e5 2. Nf3 Nf6 3. Nc3 Nc6 4. d3 d5 5. Bg5 d4 6. Nd5 Be6 7. Nxf6+ gxf6 8. Bh4 Bb4+ 9. Nd2 Be7 10. Be2 Rg8 11. Bg3 Qd7 12. a3 Rg7 13. Nb3 0-0-0 14. Qd2 f5 15. exf5 Bxf5 16. 0-0-0 Be6 17. Na5 Bg5 18. f4 exf4 19. Bxf4 Bxf4 20. Qxf4 Nxa5 21. Qe5 Rxg2 22. Bf3 Nc6 23. Qe4 Rf2 24. Bh5 Rg8 25. Rdg1 Rxg1+ 26. Rxg1 Rxh2 27. Qxh7 b5 28. Qg8+ Kb7 29. Bf3 Bd5 30. Bg4 f5 0-1

[Event "Saratov Winter Cup"]
[Site "Saratov"]
[Date "2013.01.13"]
[Round "2"]
[White "Gitelson, Arkady"]
[Black "Sayapin, Dmitry"]
[Result "1-0"]
[WhiteElo "1825"]
[BlackElo "1675"]
[PlyCount "95"]
[EventDate "2013.01.12"]
[EventType "swiss"]
[EventRounds "9"]
[EventCountry "RUS"]
[SourceTitle "CBM 152 Extra"]
[Source "ChessBase"]
[SourceDate "2013.02.25"]
[SourceVersion "1"]
[SourceVersionDate "2013.02.25"]
[SourceQuality "1"]

1. d4 c5 2. d5 Nf6 3. c4 g6 4. Nc3 Bg7 5. e4 d6 6. Bd3 0-0 7. Nge2 e5 8. 0-0 Nh5 9. Ng3 Nf4 10. Bc2 h5 11. Nge2 Qg5 12. Nxf4 exf4 13. g3 Be5 14. Ne2 Bh3 15. Re1 Qf6 16. gxf4 Bd4 17. Nxd4 cxd4 18. Qf3 Bg4 19. Qg3 Na6 20. h3 Bd7 21. e5 dxe5 22. fxe5 Qg7 23. e6 fxe6 24. dxe6 Rae8 25. Bh6 Qxh6 26. exd7 Rxe1+ 27. Rxe1 Nc5 28. Bxg6 Kh8 29. Be8 Nxd7 30. Bxd7 d3 31. Qe5+ Kh7 32. Bf5+ Kg8 33. Qe6+ Qxe6 34. Bxe6+ Kg7 35. Rd1 Re8 36. Bd5 Re2 37. Rxd3 Rxb2 38. Rb3 Rxa2 39. Rxb7+ Kf6 40. c5 Rc2 41. c6 Ke5 42. Rd7 a5 43. c7 a4 44. Bb7 a3 45. c8Q Rxc8 46. Bxc8 a2 47. Ra7 a1Q+ 48. Rxa1 1-0

[Event "Saratov op 07"]
[Site "Saratov"]
[Date "2012.07.02"]
[Round "1"]
[White "Sayapin, Dmitry"]
[Black "Karpenko, Artem"]
[Result "0-1"]
[WhiteElo "1675"]
[BlackElo "1950"]
[PlyCount "60"]
[EventDate "2012.07.02"]
[EventType "swiss"]
[EventRounds "9"]
[EventCountry "RUS"]
[SourceTitle "CBM 149 Extra"]
[Source "ChessBase"]
[SourceDate "2012.08.24"]
[SourceVersion "1"]
[SourceVersionDate "2012.08.24"]
[SourceQuality "1"]

1. e4 e6 2. d4 d5 3. e5 c5 4. Nf3 Nc6 5. Be2 Qb6 6. c3 cxd4 7. cxd4 Nge7 8. Na3 Nf5 9. Nc2 Bb4+ 10. Kf1 Be7 11. g3 Bd7 12. Kg2 0-0-0 13. a3 Kb8 14. b4 Rc8 15. Be3 f6 16. Qd2 fxe5 17. Nxe5 Nxe5 18. dxe5 Rxc2 19. Qxc2 Qxe3 20. Bd3 Qxe5 21. Rhe1 Qf6 22. Bxf5 exf5 23. Rad1 d4 24. Qc4 Qc6+ 25. Qxc6 Bxc6+ 26. Kg1 Bf6 27. f4 Be4 28. Kf2 d3 29. Ke3 Bc3 30. Rf1 d2 0-1

[Event "Saratov Spring-A"]
[Site "Saratov"]
[Date "2012.03.26"]
[Round "8"]
[White "Sayapin, Dmitry"]
[Black "Efimov, Ivan"]
[Result "0-1"]
[WhiteElo "1699"]
[BlackElo "2158"]
[PlyCount "68"]
[EventDate "2012.03.15"]
[EventType "tourn"]
[EventRounds "9"]
[EventCountry "RUS"]
[SourceTitle "EXT 2014"]
[Source "ChessBase"]
[SourceDate "2013.11.20"]
[SourceVersion "1"]
[SourceVersionDate "2013.11.20"]
[SourceQuality "1"]

1. e4 e5 2. Nf3 Nc6 3. Bc4 Bc5 4. c3 Qe7 5. 0-0 Nf6 6. d3 d6 7. Be3 Bb6 8. Nbd2 Bg4 9. Bb3 Rd8 10. h3 Bh5 11. Nc4 d5 12. Nxb6 dxe4 13. Nc8 Rxc8 14. dxe4 Rd8 15. Qe2 Nxe4 16. Bxa7 Ng5 17. Be3 Nxf3+ 18. gxf3 Qf6 19. Bc2 Bxf3 20. Qc4 0-0 21. Be4 Qh4 22. Bd5 Nd4 23. cxd4 Rxd5 24. Kh2 exd4 25. Rg1 b5 26. Qb3 dxe3 27. Qxe3 Qf6 28. Rg3 Rf5 29. Rag1 g6 30. b3 b4 31. Rc1 Bd5 32. Rc2 c6 33. Rd2 Re5 34. Qd4 Re1 0-1

[Event "Saratov Spring-A"]
[Site "Saratov"]
[Date "2012.03.19"]
[Round "3"]
[White "Sayapin, Dmitry"]
[Black "Fedukin, Alexandre"]
[Result "0-1"]
[WhiteElo "1699"]
[BlackElo "1879"]
[PlyCount "52"]
[EventDate "2012.03.15"]
[EventType "tourn"]
[EventRounds "9"]
[EventCountry "RUS"]
[SourceTitle "EXT 2014"]
[Source "ChessBase"]
[SourceDate "2013.11.20"]
[SourceVersion "1"]
[SourceVersionDate "2013.11.20"]
[SourceQuality "1"]

1. e4 e6 2. d4 d5 3. Nc3 dxe4 4. Nxe4 Bd7 5. Bd3 Bc6 6. Nf3 Nd7 7. 0-0 Ngf6 8. Nxf6+ Nxf6 9. Re1 Be7 10. c3 0-0 11. Bd2 b6 12. Qe2 Nd7 13. Rad1 Bf6 14. Ne5 Nxe5 15. dxe5 Qd5 16. f4 Be7 17. Bc1 Qxa2 18. Bxh7+ Kxh7 19. Qh5+ Kg8 20. f5 Bc5+ 21. Kh1 Rfd8 22. f6 g6 23. Qh4 Qa4 24. Rxd8+ Rxd8 25. b4 Rd1 26. Bd2 Rxd2 0-1

[Event "Saratov Summer Cup High school prop"]
[Site "Saratov"]
[Date "2011.07.08"]
[Round "9.9"]
[White "Kapranov, Kirill"]
[Black "Sayapin, Dmitry"]
[Result "1-0"]
[WhiteElo "1631"]
[BlackElo "1700"]
[PlyCount "77"]
[EventDate "2011.06.27"]
[EventType "swiss"]
[EventRounds "9"]
[EventCountry "RUS"]
[SourceTitle "EXT 2022"]
[Source "ChessBase"]
[SourceDate "2021.10.06"]
[SourceVersion "1"]
[SourceVersionDate "2021.10.06"]
[SourceQuality "1"]

1. e4 e5 2. Nf3 Nc6 3. Bb5 a6 4. Bxc6 dxc6 5. 0-0 Bd6 6. c3 Ne7 7. d4 Bg4 8. h3 Bxf3 9. Qxf3 Ng6 10. Qe2 0-0 11. f4 exf4 12. e5 Qe7 13. Qc2 Nxe5 14. dxe5 Bxe5 15. Bxf4 Rad8 16. Bxe5 Qxe5 17. Na3 Qg5 18. Rf2 Qd5 19. Qb3 Qc5 20. Qc4 Qe3 21. Qe2 Qc5 22. Raf1 Rde8 23. Qc4 Qe3 24. Kh1 Qe7 25. Qb3 b5 26. Nc2 c5 27. Qa3 Qd6 28. Qb3 c4 29. Qa3 c5 30. b4 cxb3 31. Qxb3 c4 32. Qa3 Qb6 33. Nd4 a5 34. Qb2 g6 35. Qxb5 Qc7 36. Qc6 Qg3 37. Qxc4 Rc8 38. Qd5 Rcd8 39. Qxa5 1-0

[Event "Saratov Summer Cup High school prop"]
[Site "Saratov"]
[Date "2011.07.06"]
[Round "7.7"]
[White "Kruzhilin, Aleksey"]
[Black "Sayapin, Dmitry"]
[Result "1-0"]
[WhiteElo "1896"]
[BlackElo "1700"]
[PlyCount "69"]
[EventDate "2011.06.27"]
[EventType "swiss"]
[EventRounds "9"]
[EventCountry "RUS"]
[SourceTitle "EXT 2022"]
[Source "ChessBase"]
[SourceDate "2021.10.06"]
[SourceVersion "1"]
[SourceVersionDate "2021.10.06"]
[SourceQuality "1"]

1. d4 f5 2. Nc3 Nf6 3. Bg5 e6 4. e3 c6 5. Nf3 d5 6. g3 Bd6 7. Bg2 Nbd7 8. 0-0 0-0 9. Nd2 h6 10. Bxf6 Nxf6 11. f3 a6 12. e4 dxe4 13. fxe4 Bb4 14. Ndb1 c5 15. d5 exd5 16. exd5 c4 17. Bh3 b5 18. a3 Bc5+ 19. Kh1 Bb7 20. Bxf5 Nxd5 21. Be6+ Kh8 22. Rxf8+ Qxf8 23. Nxd5 Rd8 24. Nbc3 Qd6 25. Qg4 Qe5 26. Rd1 h5 27. Qf5 Bxd5+ 28. Nxd5 Qe2 29. Rf1 Rf8 30. Bf7 h4 31. g4 Be3 32. Nxe3 Qxe3 33. Qh5+ Qh6 34. Qxh6+ gxh6 35. Bxc4 1-0

[Event "Saratov Summer Cup High school prop"]
[Site "Saratov"]
[Date "2011.07.04"]
[Round "5.4"]
[White "Efimov, Ivan"]
[Black "Sayapin, Dmitry"]
[Result "1-0"]
[WhiteElo "2198"]
[BlackElo "1700"]
[PlyCount "75"]
[EventDate "2011.06.27"]
[EventType "swiss"]
[EventRounds "9"]
[EventCountry "RUS"]
[SourceTitle "EXT 2022"]
[Source "ChessBase"]
[SourceDate "2021.10.06"]
[SourceVersion "1"]
[SourceVersionDate "2021.10.06"]
[SourceQuality "1"]

1. d4 f5 2. Nf3 Nf6 3. Bg5 e6 4. Nbd2 d5 5. e3 Nbd7 6. c4 c6 7. Rc1 Bd6 8. Bd3 h6 9. Bh4 g5 10. Bg3 g4 11. Bxd6 gxf3 12. Qxf3 dxc4 13. Bxc4 Nb6 14. Ba3 Qc7 15. 0-0 Bd7 16. e4 0-0-0 17. e5 Nxc4 18. Nxc4 Ne4 19. Bd6 Nxd6 20. Nxd6+ Kb8 21. Nf7 Rhg8 22. Nxd8 Qxd8 23. Qf4 h5 24. h3 Qf8 25. Rc3 c5 26. d5 h4 27. Kh2 Qg7 28. Rg1 Ka8 29. dxe6 Bxe6 30. Rxc5 b6 31. Rcc1 Bd5 32. f3 Bb7 33. Rce1 Qg3+ 34. Qxg3 hxg3+ 35. Kh1 f4 36. e6 Rh8 37. e7 Bc6 38. Rd1 1-0

[Event "Saratov Spring Cup High School Prop. B"]
[Site "Saratov"]
[Date "2011.03.26"]
[Round "8.2"]
[White "Nuskhinov, Bair"]
[Black "Sayapin, Dmitry"]
[Result "1-0"]
[WhiteElo "2055"]
[BlackElo "1705"]
[PlyCount "51"]
[EventDate "2011.03.14"]
[EventType "tourn"]
[EventRounds "9"]
[EventCountry "RUS"]
[SourceTitle "EXT 2022"]
[Source "ChessBase"]
[SourceDate "2021.10.06"]
[SourceVersion "1"]
[SourceVersionDate "2021.10.06"]
[SourceQuality "1"]

1. d4 e6 2. c4 f5 3. Nc3 Nf6 4. Nf3 Bb4 5. Bf4 b6 6. g3 Bb7 7. Bg2 Nc6 8. 0-0 Bxc3 9. bxc3 0-0 10. Qd3 d6 11. Ng5 Qd7 12. d5 exd5 13. cxd5 Ne5 14. Qd4 c5 15. dxc6 Bxc6 16. Bxc6 Qxc6 17. Bxe5 dxe5 18. Qxe5 Rae8 19. Qxf5 Rxe2 20. Rae1 Rfe8 21. Rxe2 Rxe2 22. Rd1 Qe8 23. Rd6 Re5 24. Qf4 Qe7 25. Qc4+ Kf8 26. Rd8+ 1-0

[Event "Saratov Spring Cup High School Prop. B"]
[Site "Saratov"]
[Date "2011.03.18"]
[Round "5.5"]
[White "Eramian, Gamlet"]
[Black "Sayapin, Dmitry"]
[Result "1-0"]
[WhiteElo "1999"]
[BlackElo "1705"]
[PlyCount "93"]
[EventDate "2011.03.14"]
[EventType "tourn"]
[EventRounds "9"]
[EventCountry "RUS"]
[SourceTitle "EXT 2022"]
[Source "ChessBase"]
[SourceDate "2021.10.06"]
[SourceVersion "1"]
[SourceVersionDate "2021.10.06"]
[SourceQuality "1"]

1. d4 e6 2. g3 f5 3. Bg2 Nf6 4. Nf3 c6 5. c4 d5 6. cxd5 cxd5 7. Bf4 Bd6 8. Bxd6 Qxd6 9. 0-0 0-0 10. Nc3 Nc6 11. Rc1 a6 12. e3 Bd7 13. Na4 Ne4 14. Nc5 b6 15. Nd3 Rac8 16. Qe2 Nb4 17. Nxb4 Qxb4 18. Rxc8 Rxc8 19. Qxa6 Qxb2 20. Ne5 Qb5 21. Qb7 Nf6 22. Nxd7 Qxd7 23. Qxb6 Ra8 24. Ra1 Ne8 25. a4 Nd6 26. Bf1 Nc8 27. Qb5 Qxb5 28. Bxb5 Na7 29. Rc1 Nxb5 30. axb5 Rb8 31. Rc6 Kf7 32. b6 Kf6 33. Kf1 g6 34. Ke2 h6 35. h4 g5 36. h5 g4 37. f3 Rb7 38. fxg4 fxg4 39. Kd3 Ke7 40. e4 Kd7 41. exd5 exd5 42. Rxh6 Rb8 43. Rh7+ Kc6 44. b7 Rf8 45. h6 Rf3+ 46. Ke2 Rf8 47. Rg7 1-0